[Event "Hessen-ch Seniors"]
[Site "Marburg"]
[Date "2006.04.14"]
[Round "8.5"]
[White "Kicler, Jakob"]
[Black "Smits, Oswald"]
[Result "0-1"]
[WhiteElo "1638"]
[BlackElo "1905"]
[PlyCount "82"]
[EventDate "2006.04.08"]
[EventType "swiss"]
[EventRounds "9"]
[EventCountry "GER"]
[SourceTitle "EXT 2007"]
[Source "ChessBase"]
[SourceDate "2006.11.23"]
[SourceVersion "1"]
[SourceVersionDate "2006.11.23"]
[SourceQuality "1"]

1. e4 c5 2. Nf3 d6 3. Nc3 a6 4. a4 Nf6 5. Be2 e6 6. 0-0 Qc7 7. d4 cxd4 8. Nxd4 Be7 9. Nb3 Nbd7 10. f4 0-0 11. Be3 b6 12. g4 Bb7 13. Bd3 Nc5 14. Nxc5 dxc5 15. g5 Nd7 16. b3 Rfe8 17. Qh5 g6 18. Qg4 Kg7 19. f5 exf5 20. exf5 Qd8 21. f6+ Nxf6 22. gxf6+ Bxf6 23. Bd2 Bd4+ 24. Rf2 Qf6 25. Raf1 h5 26. Qg5 Qf3 27. Ne4 Rxe4 28. Bxe4 Bxe4 29. Qe5+ Kg8 30. Qxe4 Qxe4 31. c3 Bxf2+ 32. Rxf2 Rd8 33. Kf1 Qh1+ 34. Ke2 Re8+ 35. Be3 Qe4 36. Rf3 Qc2+ 37. Kf1 Qxc3 38. Kf2 Qc2+ 39. Kg3 h4+ 40. Kxh4 Qxh2+ 41. Rh3 Re4+ 0-1

[Event "Hessen-ch Seniors"]
[Site "Marburg"]
[Date "2006.04.09"]
[Round "2.2"]
[White "Czech, Ludwig"]
[Black "Kicler, Jakob"]
[Result "1-0"]
[WhiteElo "2139"]
[BlackElo "1638"]
[PlyCount "83"]
[EventDate "2006.04.08"]
[EventType "swiss"]
[EventRounds "9"]
[EventCountry "GER"]
[SourceTitle "EXT 2007"]
[Source "ChessBase"]
[SourceDate "2006.11.23"]
[SourceVersion "1"]
[SourceVersionDate "2006.11.23"]
[SourceQuality "1"]

1. c4 c6 2. Nf3 d5 3. b3 f5 4. Bb2 Nf6 5. g3 e6 6. Bg2 Be7 7. 0-0 0-0 8. d3 Nbd7 9. Qc2 Qe8 10. Nbd2 Bd6 11. e4 fxe4 12. dxe4 Nxe4 13. Nxe4 dxe4 14. Qxe4 Nf6 15. Qd3 Qe7 16. Rad1 Bc7 17. Be5 Ng4 18. Bd6 Bxd6 19. Qxd6 Qf6 20. h3 Nh6 21. Qd4 Nf5 22. Qe4 Rd8 23. Ne5 Nd6 24. Ng4 Qf5 25. Qe5 Qxe5 26. Nxe5 Nf7 27. Nxf7 Rxd1 28. Nh6+ gxh6 29. Rxd1 Kf7 30. Rd8 Ke7 31. Rh8 Kd6 32. Rxh7 Bd7 33. c5+ Kc7 34. Be4 b6 35. cxb6+ axb6 36. Bb1 b5 37. Rxh6 Rd8 38. Kf1 Bc8 39. Ke2 Kd6 40. g4 Ke5 41. Ke3 Rd4 42. Rf6 1-0